| 000 | 00724nam a2200217 a 4500 | ||
|---|---|---|---|
| 999 |
_c6362 _d6362 |
||
| 001 | 6362 | ||
| 003 | BD-JhCC | ||
| 005 | 20180125124332.0 | ||
| 008 | 171022s1981 bg |||| ||a| 000 0 ben d | ||
| 035 | _a(BD-JhCC)6362 | ||
| 040 |
_aBD-JhCC _dBD-JhCC |
||
| 041 | _aben | ||
| 082 |
_a297.18 _bZUB 1981 |
||
| 100 | _aজুবেরী, আবু সাঈদ | ||
| 245 |
_aতৃতীয় খলিফা : _bহযরত উসমান (রা:) এর জীবনালেখ্য / _cআবু সাঈদ জুবেরী |
||
| 260 |
_aঢাকা : _bইসলামিক ফাউন্ডেশন, _c1981. |
||
| 300 |
_a110 p. : _c18 cm. |
||
| 650 | _aMuslim Legend | ||
| 942 |
_2ddc _cBK |
||